000 00841nam a22002777a 4500
001 BR4500165
003 BR-BrBNA
005 20230928082927.0
007 ta
008 230509b bl.||||| |||| 00| 0 por d
040 _aBR-BrBNA
_bpor
_cBiblioteca Nacional de Agricultura
041 _a(Por)
072 _aF01; L01
_b0910
_b7600
090 _ 0910 BR4500165
100 1 _aSavassi, A.
110 1 _aDepartamento Nacional da Producao Animal, Rio de Janeiro, GB (Brasil). Div. de Fomento da Producao Animal
245 1 _aA amoreira e instrucoes praticas sobre a criacao do bicho da seda
260 3 _aRio de Janeiro, GB (Brasil):
_c[nd].
300 _a29 p.
500 _aPublished after 1945
650 _aPRODUCAO VEGETAL
650 _aAMORA
650 _aBICHO DA SEDA
909 _a202309
_bLucia
_c55
_dLucia Elande
942 _cBK
999 _c10658
_d10658